| 000 | 00000nam 2200000zi 4500 |
| 001 | 9.956142 |
| 003 | CaOODSP |
| 005 | 20251010121244 |
| 006 | m o d f |
| 007 | cr mn||||||||| |
| 008 | 251008e20220126onc ob f000 0 fre d |
| 040 | |aCaOODSP|bfre|erda|cCaOODSP |
| 043 | |an-cn--- |
| 086 | 1 |aYM32-10/2012-79-2022F-PDF |
| 100 | 1 |aBarnes, André, |eauteur. |
| 245 | 10|aProjets de loi omnibus : |bfoire aux questions / |crévisée par Andre Barnes. |
| 250 | |a[Révisée le 26 janvier 2022]. |
| 264 | 1|a[Ottawa] : |bBibliothèque du Parlement = Library of Parliament, |c26 janvier 2022. |
| 264 | 4|c©2022 |
| 300 | |a1 ressource en ligne (ii, 11 pages). |
| 336 | |atexte|btxt|2rdacontent/fre |
| 337 | |ainformatique|bc|2rdamedia/fre |
| 338 | |aressource en ligne|bcr|2rdacarrier/fre |
| 490 | 1 |aÉtudes de la Colline : regards approfondis sur des questions canadiennes ; |vpublication n° 2012-79-F |
| 500 | |aTitre de la couverture. |
| 500 | |aPublié aussi en anglais sous le titre : Omnibus bills : frequently asked questions. |
| 500 | |a« [P]réparées par les Services d'information, d'éducation et de recherche parlementaires, … » -- À propos de cette publication. |
| 504 | |aComprend des références bibliographiques (pages 8-11). |
| 520 | |a« En 2017, la Chambre a ajouté à son règlement une définition dans laquelle elle a décrit le projet de loi omnibus comme un projet de loi émanant du gouvernement qui vise à modifier, à abroger ou à édicter plus d'une loi, mais qui n'a aucun fil directeur ou qui porte sur des sujets qui n'ont rien en commun les uns avec les autres. Aux fins des votes, les articles d'un projet de loi peuvent être regroupés par thèmes, et ces groupes d'articles peuvent être étudiés séparément dans le cadre d'un seul débat à chaque étape du processus. Même si, de nos jours, les projets de loi omnibus sont bien ancrés dans la pratique parlementaire canadienne, on considère encore souvent leur usage comme exceptionnel. Puisque peu d'études ont été faites pour répondre aux questions qui reviennent régulièrement sur ce type de projet de loi, le présent document propose des réponses aux questions les plus fréquentes sur les projets de loi omnibus » -- Résumé, page ii. |
| 650 | 6|aProjets de loi|zCanada. |
| 650 | 6|aProcédure parlementaire|zCanada. |
| 655 | 7|aFoires aux questions|2rvmgf |
| 710 | 1 |aCanada. |bService d'information et de recherche parlementaires, |eorganisme de publication. |
| 775 | 08|tOmnibus bills : |w(CaOODSP)9.956137 |
| 795 | |tProjets de loi omnibus - foire aux questions / |b[Édition de 1 octobre 2012]|w(CaOODSP)9.605540 |
| 830 | #0|aÉtudes de la Colline (Canada. Bibliothèque du Parlement)|vn° 2012-79-F.|w(CaOODSP)9.955652 |
| 856 | 40|qPDF|s647 Ko|uhttps://publications.gc.ca/collections/collection_2025/bdp-lop/ym32-10/YM32-10-2012-79-2022-fra.pdf |
| 856 | 4 |qHTML|sS.O.|uhttps://lop.parl.ca/sites/PublicWebsite/default/fr_CA/ResearchPublications/201279E |